000 00614nam a2200229Ia 4500
005 20241129111408.0
008 241129s9999||||xx |||||||||||||| ||und||
020 _a978-1-032-11412-5
037 _aTB
040 _aCRL
_beng
_cCRL
041 _aeng
_2eng
084 _aS R3
_qCRL
100 _aNicolson Paula Au.
_9600319
245 0 _aGenealogy. psychology and therapy: uncovering trauma
_cNicolson Paula Au.
250 _a2nd
260 _aLondon, UK
_bRoutledge
_c2023
300 _axiv,137p.
365 _aUKP
_b34.99
650 _aPsychology
942 _cTB
_hS R3
999 _c1230271
_d1230271